Cálculos químicos para la preparación de soluciones
| Main Author: | |
|---|---|
| Format: | Section = Libro |
| Language: | Undetermined Spanish |
| Published: |
México
Trillas
2003
|
| Subjects: |
| LEADER | 00596nam a2200205Ia 4500 | ||
|---|---|---|---|
| 008 | 240830s9999 xx 000 0 und d | ||
| 020 | |a 968-24-6856-6 | ||
| 040 | |a CEDOC FIQ-RUSB / 541.34 S125 | ||
| 041 | |a spa | ||
| 082 | |a 541.34 S125 | ||
| 100 | 1 | |a Santillán Márquez, José Luis | |
| 245 | 1 | 0 | |a Cálculos químicos para la preparación de soluciones |
| 260 | |a México |b Trillas |c 2003 | ||
| 300 | |a 240 p. :il | ||
| 650 | 7 | |a QUÍMICA DE LAS SOLUCIONES | |
| 650 | 7 | |b QUÍMICA FÍSICA Y TEÓRICA | |
| 650 | 7 | |c SOLUCIONES (QUÍMICAS) | |
| 942 | |c BK |2 ddc | ||
| 991 | |a TEXTO | ||
| 999 | |c 13753 | ||